000 00854nas a2200241 454500
001 43783
005 20260407193511.0
008 260407s1985####ag###########|||spa#d
003 AR-UNSa-BCEJYS
040 _aAR-UNSa-BCEJYS
_bspa
_cAR-UNSa-BCEJYS
080 _a331.5
_xMercado de Trabajo. Empleo
245 1 0 _aEstudios y documentos de trabajo sobre empleo, remuneraciones y recursos humanos
264 1 _aBuenos Aires :
_b[s.n.]
_c1985
310 _aFrecuencia: Irregular
041 _aspa
942 _cSER
590 _aniveau_biblio:s niveau_hierar:1
100 1 _aArgentina. Ministerio de Trabajo y Seguridad Social. Dirección Nacional de Recursos Humanos y Empleo
650 _aEmpleo
650 _aMercado de trabajo
650 _aSalario
856 4 1 _uhttps://biblioeco.unsa.edu.ar/pmb/images/revistas/R21384.jpg
_yImagen de portada
_qimage/jpeg
999 _c8916
_d8916